000 01615nam a22002297a 4500
999 _c60028
_d60028
003 Ge_BSU
005 20230531104518.0
008 230531s1957 ge ||||| |||| 00| 0 geo d
041 _ageo
080 _a903.5(479.22) ლ-81
100 _aლომთათიძე, გ.
_917832
245 _aკლდეეთის სამაროვანი :
_bახალი წელთაღრიცხვის II საუკუნისა /
_cგ. ლომთათიძე; რედ. ალ. კალანდაძე; საქართველოს სსრ მეცნიერებათა აკადემია, ივ. ჯავახიშვილის სახელობის ისტორიის ინსტიტუტი.
264 _aთბილისი :
_bსაქ. სსრ მეცნ. აკად. გამ-ბა,
_c1957.
300 _a228 გვ. :
_bილ.;
_c27 სმ.
501 _aსაძიებლები: გვ. 205-213.
504 _aბიბლიოგრაფია ტექსტის შენიშვნებში
520 _aრეზიუმე რუსულ ენაზე.
653 _aსამარხები საქართველოში
700 _aკალანაძე, ალ.
_eრედაქტორი
_918340
710 _aსაქართველოს სსრ მეცნიერებათა აკადემია
_bივ. ჯავახიშვილის სახელობის ისტორიის ინსტიტუტი.
_918341
942 _2udc
_cBK